Mathematical methods in chemical engineering (Record no. 25039)

000 -LEADER
fixed length control field 00548nam a22002051 4500
001 - CONTROL NUMBER
control field 25039
003 - CONTROL NUMBER IDENTIFIER
control field BD-DhUET
008 - FIXED-LENGTH DATA ELEMENTS--GENERAL INFORMATION
fixed length control field 730313s1963 xx 000 0 eng
040 ## - CATALOGING SOURCE
Original cataloging agency DLC
Transcribing agency OClU
Modifying agency BD-DhUET
082 ## - DEWEY DECIMAL CLASSIFICATION NUMBER
Classification number 660.28
Item number JEN/1963
100 ## - MAIN ENTRY--PERSONAL NAME
Personal name Jenson, V. G.
245 10 - TITLE STATEMENT
Title Mathematical methods in chemical engineering
250 ## - EDITION STATEMENT
Edition statement 1st ed.
260 ## - PUBLICATION, DISTRIBUTION, ETC. (IMPRINT)
Place of publication, distribution, etc. London
Name of publisher, distributor, etc. Academic Press
Date of publication, distribution, etc. 1963
300 ## - PHYSICAL DESCRIPTION
Extent xi, 556 p.
Other physical details illus.
Dimensions 24cm.
504 ## - BIBLIOGRAPHY, ETC. NOTE
Bibliography, etc Includes bibliographies
650 #0 - SUBJECT ADDED ENTRY--TOPICAL TERM
Topical term or geographic name as entry element Chemical engineering
700 ## - ADDED ENTRY--PERSONAL NAME
Personal name Jeffreys, G. V.
942 ## - ADDED ENTRY ELEMENTS (KOHA)
Koha item type General Book
Holdings
Copy number Koha date last seen Sublocation or collection (holding branch) Lost status Price effective from Withdrawn status Date acquired Not for loan Koha full call number Piece designation (barcode) Source of classification or shelving scheme Location (home branch) Koha normalized classification for sorting Shelving location Damaged status Koha item type
12015-05-12Central Library, BUET 2015-05-12 2015-05-12 660.28/JEN/196322438 Central Library, BUET660_280000000000000_JEN_1963Circulation section General Book
22015-05-12Central Library, BUET 2015-05-12 2015-05-12 660.28/JEN/196322440 Central Library, BUET660_280000000000000_JEN_1963Circulation section General Book
32015-05-12Central Library, BUET 2015-05-12 2015-05-12 660.28/JEN/196322434 Central Library, BUET660_280000000000000_JEN_1963Circulation section General Book
42015-05-18Central Library, BUET 2015-05-18 2015-05-18 660.28/JEN/196322432 Central Library, BUET660_280000000000000_JEN_1963Circulation section General Book
52015-05-18Central Library, BUET 2015-05-18 2015-05-18 660.28/JEN/196322435 Central Library, BUET660_280000000000000_JEN_1963Circulation section General Book
62015-05-18Central Library, BUET 2015-05-18 2015-05-18 660.28/JEN/196329450 Central Library, BUET660_280000000000000_JEN_1963Circulation section General Book
72015-05-18Central Library, BUET 2015-05-18 2015-05-18 660.28/JEN/196329449 Central Library, BUET660_280000000000000_JEN_1963Circulation section General Book
82015-05-18Central Library, BUET 2015-05-18 2015-05-18 660.28/JEN/196329448 Central Library, BUET660_280000000000000_JEN_1963Circulation section General Book
92015-05-18Central Library, BUET 2015-05-18 2015-05-18 660.28/JEN/196329457 Central Library, BUET660_280000000000000_JEN_1963Circulation section General Book
102015-05-18Central Library, BUET 2015-05-18 2015-05-18 660.28/JEN/196329454 Central Library, BUET660_280000000000000_JEN_1963Circulation section General Book
112015-05-18Central Library, BUET 2015-05-18 2015-05-18 660.28/JEN/196329453 Central Library, BUET660_280000000000000_JEN_1963Circulation section General Book
122015-05-18Central Library, BUET 2015-05-18 2015-05-18 660.28/JEN/196329451 Central Library, BUET660_280000000000000_JEN_1963Circulation section General Book
132015-05-18Central Library, BUET 2015-05-18 2015-05-18 660.28/JEN/196322431 Central Library, BUET660_280000000000000_JEN_1963Circulation section General Book
142015-05-18Central Library, BUET 2015-05-18 2015-05-18 660.28/JEN/196329452 Central Library, BUET660_280000000000000_JEN_1963Circulation section General Book
152015-05-18Central Library, BUET 2015-05-18 2015-05-18 660.28/JEN/196322436 Central Library, BUET660_280000000000000_JEN_1963Circulation section General Book
162015-06-17Central Library, BUET 2015-06-17 2015-06-17 660.28/JEN/196329456 Central Library, BUET660_280000000000000_JEN_1963Reading section Reading Item
172015-06-18Central Library, BUET 2015-06-18 2015-06-18 660.28/JEN/196329455. Central Library, BUET660_280000000000000_JEN_1963Reading section Reading Item
182015-07-10Central Library, BUET 2015-07-10 2015-07-10 660.28/JEN/196322439 Central Library, BUET660_280000000000000_JEN_1963Reading section Reading Item